000 00534nam a2200193Ia 4500
003 GCL
008 140319s9999 xx 000 0 ara d
040 _aGCL /
_cGCL
082 0 4 _a811.9
_bف ا
100 1 _aفؤاد قاعود
245 1 0 _aالإعتراض : شعر /
_cفؤاد قاعود
300 _a95 ص
490 _a
650 0 4 _aالشعر العربى
650 0 4 _aالادب العربى
650 0 4 _aالعصر الحديث
650 0 4 _aالشعر العربى - دواوين وقصائد
942 _2ddc
_cBK
999 _c40278
_d40278